000 00356 a2200157 4500
001 18109
020 _a9788536307152
040 _cAnchieta - Bela Vista
100 _aBarbosa, Maria Carmen Silveira
240 1 0 _aPor amor e por força
_lpor
245 1 0 _aPor amor e por força
300 _a240
362 0 _a2006
650 4 _aEducação
942 _cBK
999 _c18109
_d18109